| 000 | 00950nam a2200301 i 4500 | ||
|---|---|---|---|
| 003 | EG-GICUC | ||
| 005 | 20260502100040.0 | ||
| 008 | 260502s1935 us ||||fr|||| 000 0 eng d | ||
| 040 |
_aEG-GiCUC _beng _cEG-GiCUC _dEG-GiCUC _erda |
||
| 082 | 0 | 4 |
_221 _a343.651 _bCO . T |
| 092 | 0 | 4 | _221 |
| 099 | _aLaw1 10 343.651 CO . T 1935 | ||
| 100 | 1 |
_aCooper, Courtney Ryley _eAuthor. |
|
| 245 | 1 | 4 |
_aTen Thousand Public Enemies / _cCourtney Ryley Cooper ; J. Edgar Hoover. _b _n |
| 264 | 1 |
_aBoston : _bLittle, Brown, and Company _c1935. |
|
| 300 |
_a356pages : _billustrations, _c24 cm |
||
| 336 |
_2rda content _atext |
||
| 337 |
_2rda media _aComputer |
||
| 338 |
_2rda carrier _aOnline Resource |
||
| 504 | _a | ||
| 546 | _aText in English | ||
| 650 | 1 | 4 |
_aCriminal law _2 |
| 651 | 1 | _2 | |
| 700 | 1 |
_aHoover, J. Edgar _epresenter |
|
| 856 | 4 | 0 | _uhttps://fll.law.cu.edu.eg/fulltext/bks/B10-10645.pdf |
| 905 | _a50 | ||
| 942 |
_2ddc _cBK _e21 _n0 |
||
| 999 |
_c74763 _d74763 |
||